000 00869nmm a2200265 a 4500
001 ocm000588567
003 TR-IsHL
005 20201028131118.0
008 131010s2008 tu tur
007 cr cn
020 _a9789754836172
035 _a588567
_b(N$T)
050 0 4 _aQK931
_b.G86 2008
090 0 4 _aQK931
_b.G86 2008
100 1 _aGüner, Hüseyin
245 1 0 _aHidrobotanik: su bitkileri (ders kitabı)
_h[electronic resource] /
_cHüseyin Güner
260 _aİzmir :
_bEge Üniversitesi Yayınları,
_c2008
300 _a128 p.
650 4 _aTarım ve Biyoloji
650 4 _aAgricultural and Biological Sciences
650 0 _aSu bitkileri
_xBotanik
650 0 _aWater plants
_xBotanic
650 7 _aNATURE / Plants / Aquatic
_2bisacsh
856 4 0 _uhttp://search.ebscohost.com/login.aspx?direct=true&scope=site&db=e011xww&AN=588567
999 _c4386
_d4386